Why worry about corruption?

Salvato in:
Dettagli Bibliografici
Autore principale: Mauro, Paolo
Natura: Libro
Lingua:inglese
Pubblicazione: Washington International Monetary Fund 1997
Edizione:1. ed.
Serie:Economic issues 6
Soggetti:
Tags: Aggiungi Tag
Nessun Tag, puoi essere il primo ad aggiungerne!!

MARC

LEADER 00000nam a2200000 4500
001 c021109
005 20221214072345.1
020 |a 1-55775-635-X 
041 0 |a eng 
044 |a US 
245 1 0 |a Why worry about corruption?  |c Paolo Mauro 
250 |a 1. ed. 
264 1 |a Washington  |b International Monetary Fund  |c 1997 
300 |a 12 s. 
490 1 |a Economic issues  |v 6 
830 0 |a Economic issues  |v 6 
610 2 0 |a korupcia 
610 2 0 |a rozvoj hospodársky 
610 2 0 |a správanie 
610 2 0 |a správa štátna 
610 2 0 |a kontrola 
100 1 |a Mauro, Paolo